000 00358nam a2200145 i 4500
001 bg
100 1 _aGUZ, A. N.
245 0 _aUstojcivost trechmernych deformiruemych tel /
_cA.N. Guz.
260 _aKiev :
_b"Naukova Dumka",
_c1971.
040 _cBPK
041 _apol
080 _a539.3:534.1
942 _cKS
008 s pl f |000 0 pol
999 _c14239
_d14239
856 _uhttp://koha.tu.koszalin.pl/cgi-bin/koha/opac-detail.pl?biblionumber=14239
_yKatalog online BPK